| 000 | 00355nam a2200133Ia 4500 | ||
|---|---|---|---|
| 005 | 20260328104253.0 | ||
| 008 | 260328s9999||||xx |||||||||||||| ||und|| | ||
| 100 | _aGómez de Pérez Paris, Mariolga | ||
| 245 | 0 |
_aEnrique Feldman Arquitecto / _cMariolga Gómez de Pérez Paris |
|
| 260 | _bArte | ||
| 300 | _a221 p. | ||
| 650 | _aARQUITECTOS | ||
| 942 | _cBK | ||
| 999 |
_c10307 _d10307 |
||